[Event "EYCC 2024 - G18"]
[Site "?"]
[Date "2024.08.30"]
[Round "8.1"]
[White "Sereda, Yaroslava"]
[Black "Mihaljevic, Eva"]
[Result "0-1"]
[BlackElo "2058"]
[WhiteElo "1972"]
[LiveChessVersion "1.4.8"]

1. e4 {[%clk 1:30:58]} c5 {[%clk 1:30:55]} 2. Nf3 {[%clk 1:31:20]} d6
{[%clk 1:31:20]} 3. d4 {[%clk 1:31:42]} cxd4 {[%clk 1:31:41]} 4. Nxd4
{[%clk 1:32:04]} Nf6 {[%clk 1:32:05]} 5. Nc3 {[%clk 1:32:25]} a6 {[%clk 1:32:10]}
6. Nb3 {[%clk 1:32:21]} e6 {[%clk 1:30:21]} 7. g4 {[%clk 1:31:55]} h6
{[%clk 1:28:59]} 8. Bg2 {[%clk 1:27:44]} Be7 {[%clk 1:28:16]} 9. Be3
{[%clk 1:26:23]} Nc6 {[%clk 1:28:01]} 10. f4 {[%clk 1:20:13]} Nd7
{[%clk 1:20:36]} 11. O-O {[%clk 1:10:45]} Qc7 {[%clk 1:11:29]} 12. a4
{[%clk 0:59:52]} O-O {[%clk 0:59:55]} 13. Qd2 {[%clk 0:52:34]} Nb6
{[%clk 0:58:17]} 14. Qe2 {[%clk 0:48:36]} Nb4 {[%clk 0:56:21]} 15. f5
{[%clk 0:39:41]} Nc4 {[%clk 0:52:05]} 16. Bc1 {[%clk 0:33:02]} Bf6
{[%clk 0:51:04]} 17. Rf3 {[%clk 0:32:05]} exf5 {[%clk 0:45:42]} 18. gxf5
{[%clk 0:28:59]} Re8 {[%clk 0:44:47]} 19. Bf1 {[%clk 0:25:54]} Ne5
{[%clk 0:42:05]} 20. Rg3 {[%clk 0:25:38]} Kh7 {[%clk 0:41:53]} 21. Be3
{[%clk 0:18:54]} Bd7 {[%clk 0:36:30]} 22. Rh3 {[%clk 0:17:57]} Bc6
{[%clk 0:18:48]} 23. a5 {[%clk 0:15:28]} Qe7 {[%clk 0:15:22]} 24. Bg2
{[%clk 0:13:10]} Bg5 {[%clk 0:14:22]} 25. Rf1 {[%clk 0:10:36]} Bxe3+
{[%clk 0:14:17]} 26. Rxe3 {[%clk 0:07:18]} Nd7 {[%clk 0:13:59]} 27. Nd1
{[%clk 0:04:53]} Bb5 {[%clk 0:11:10]} 28. c4 {[%clk 0:05:11]} Ba4
{[%clk 0:11:18]} 29. Nd4 {[%clk 0:04:07]} Nc6 {[%clk 0:11:16]} 30. Nxc6
{[%clk 0:04:17]} Bxc6 {[%clk 0:11:39]} 31. Nc3 {[%clk 0:04:08]} Nf6
{[%clk 0:11:24]} 32. Re1 {[%clk 0:03:22]} Rac8 {[%clk 0:10:54]} 33. b3
{[%clk 0:01:53]} Qe5 {[%clk 0:10:15]} 34. Nd5 {[%clk 0:00:46]} Bxd5
{[%clk 0:10:05]} 35. exd5 {[%clk 0:00:38]} Qf4 {[%clk 0:07:16]} 36. Bh3
{[%clk 0:00:38]} Qh4 {[%clk 0:06:31]} 37. Qf2 {[%clk 0:00:40]} Qh5
{[%clk 0:05:48]} 38. Rxe8 {[%clk 0:00:52]} Rxe8 {[%clk 0:05:50]} 39. Rxe8 Nxe8
{[%clk 0:06:19]} 40. Qg3 {[%clk 0:00:39]} Qd1+ {[%clk 0:06:35]} 41. Bf1
{[%clk 0:00:52]} Qd4+ {[%clk 0:06:48]} 42. Kg2 {[%clk 0:00:37]} Qd2+
{[%clk 0:06:42]} 43. Kg1 {[%clk 0:00:42]} Qxa5 {[%clk 0:06:55]} 44. Bd3
{[%clk 0:00:37]} Qc5+ {[%clk 0:06:07]} 45. Kg2 {[%clk 0:01:02]} Nf6
{[%clk 0:06:25]} 46. Qe1 {[%clk 0:01:06]} Qd4 {[%clk 0:06:34]} 47. Qd2
{[%clk 0:00:51]} Kg8 {[%clk 0:05:50]} 48. Qe2 {[%clk 0:00:40]} a5
{[%clk 0:05:30]} 49. h3 {[%clk 0:00:58]} Kf8 {[%clk 0:04:18]} 50. Bc2
{[%clk 0:00:49]} Qc3 {[%clk 0:04:09]} 51. Qf2 {[%clk 0:00:43]} Nd7
{[%clk 0:04:15]} 52. Bd1 {[%clk 0:00:51]} Nc5 {[%clk 0:04:04]} 53. Qf4
{[%clk 0:00:48]} Ke7 {[%clk 0:03:23]} 54. Qh4+ {[%clk 0:01:08]} Qf6
{[%clk 0:03:03]} 55. Qe1+ {[%clk 0:01:29]} Kd7 {[%clk 0:03:08]} 56. Qxa5
{[%clk 0:01:01]} Qb2+ {[%clk 0:03:18]} 57. Kf3 {[%clk 0:00:54]} Qb1
{[%clk 0:02:18]} 58. Ke2 {[%clk 0:00:41]} Qd3+ {[%clk 0:02:21]} 59. Ke1
{[%clk 0:00:55]} Qe3+ {[%clk 0:02:33]} 60. Be2 {[%clk 0:00:41]} Qxb3
{[%clk 0:02:21]} 61. f6 {[%clk 0:00:49]} Qb1+ {[%clk 0:02:40]} 62. Kf2
{[%clk 0:01:05]} Ne4+ {[%clk 0:02:32]} 63. Kg2 {[%clk 0:01:13]} Nxf6
{[%clk 0:02:51]} 64. c5 {[%clk 0:01:19]} Qe4+ {[%clk 0:02:55]} 65. Kf1
{[%clk 0:01:00]} Qf4+ {[%clk 0:02:03]} 66. Kg2 {[%clk 0:01:18]} Qe4+
{[%clk 0:02:06]} 67. Kf1 {[%clk 0:01:47]} Qh1+ {[%clk 0:01:28]} 68. Kf2
{[%clk 0:02:16]} Qh2+ {[%clk 0:01:45]} 69. Ke1 {[%clk 0:02:35]} Qg1+
{[%clk 0:02:06]} 70. Bf1 {[%clk 0:02:48]} Qxc5 {[%clk 0:02:20]} 71. Bb5+
{[%clk 0:03:01]} Ke7 {[%clk 0:02:39]} 72. Qa4 {[%clk 0:02:46]} Qxd5
{[%clk 0:02:41]} 0-1

[Event "EYCC 2024 - G18"]
[Site "?"]
[Date "2024.08.30"]
[Round "8.2"]
[White "Deak-Sala, Emilia"]
[Black "Berezovsky, Fiorina"]
[Result "1/2-1/2"]
[BlackElo "1976"]
[WhiteElo "2037"]
[LiveChessVersion "1.4.8"]

1. e4 {[%clk 1:28:38]} e6 {[%clk 1:30:52]} 2. Qe2 {[%clk 1:29:04]} c6
{[%clk 1:28:40]} 3. Nf3 {[%clk 1:28:25]} d5 {[%clk 1:28:23]} 4. d3
{[%clk 1:26:11]} Nf6 {[%clk 1:25:59]} 5. g3 {[%clk 1:26:24]} Be7 {[%clk 1:24:44]}
6. Bg2 {[%clk 1:26:46]} O-O {[%clk 1:22:20]} 7. O-O {[%clk 1:27:04]} Nbd7
{[%clk 1:17:01]} 8. e5 {[%clk 1:26:58]} Ne8 {[%clk 1:17:10]} 9. h4
{[%clk 1:26:56]} f6 {[%clk 1:12:15]} 10. exf6 {[%clk 1:22:27]} Ndxf6
{[%clk 1:05:35]} 11. d4 {[%clk 1:20:05]} Ne4 {[%clk 1:03:02]} 12. Nbd2
{[%clk 1:18:52]} N8d6 {[%clk 0:57:10]} 13. Nxe4 {[%clk 1:15:37]} Nxe4
{[%clk 0:51:36]} 14. Ne5 {[%clk 1:15:02]} c5 {[%clk 0:47:15]} 15. c3
{[%clk 1:12:59]} cxd4 {[%clk 0:45:28]} 16. cxd4 {[%clk 1:13:19]} Nd6
{[%clk 0:44:51]} 17. Rd1 {[%clk 0:52:51]} Nf5 {[%clk 0:40:09]} 18. Nf3
{[%clk 0:52:04]} Qb6 {[%clk 0:37:28]} 19. Bh3 {[%clk 0:45:24]} Bd7
{[%clk 0:35:05]} 20. a4 {[%clk 0:41:25]} Bf6 {[%clk 0:27:20]} 21. Bxf5
{[%clk 0:41:11]} exf5 {[%clk 0:27:44]} 22. Bf4 {[%clk 0:39:59]} Rae8
{[%clk 0:27:34]} 23. Qd2 {[%clk 0:36:18]} Re4 {[%clk 0:23:32]} 24. Ne5
{[%clk 0:34:29]} Bxe5 {[%clk 0:22:27]} 25. Bxe5 {[%clk 0:29:44]} f4
{[%clk 0:21:52]} 26. Ra3 {[%clk 0:27:53]} Qe6 {[%clk 0:18:18]} 27. gxf4
{[%clk 0:25:23]} Qa6 {[%clk 0:14:41]} 28. Rg3 {[%clk 0:24:59]} Rf7
{[%clk 0:15:10]} 29. b3 {[%clk 0:20:36]} Re2 {[%clk 0:13:52]} 30. Qb4
{[%clk 0:12:16]} Rc2 {[%clk 0:12:18]} 31. Re1 {[%clk 0:10:07]} Rc6
{[%clk 0:08:51]} 32. Bxg7 {[%clk 0:08:38]} Rg6 {[%clk 0:06:42]} 33. Be5
{[%clk 0:08:08]} Rxg3+ {[%clk 0:07:06]} 34. fxg3 {[%clk 0:08:35]} Qd3
{[%clk 0:06:44]} 35. Kf2 {[%clk 0:05:44]} Bg4 {[%clk 0:05:51]} 36. Re3
{[%clk 0:04:00]} Qc2+ {[%clk 0:06:18]} 37. Ke1 {[%clk 0:03:32]} Qc1+
{[%clk 0:05:30]} 38. Kf2 {[%clk 0:03:55]} Qc2+ {[%clk 0:05:01]} 1/2-1/2

[Event "EYCC 2024 - G18"]
[Site "?"]
[Date "2024.08.30"]
[Round "8.3"]
[White "Skakun, Kateryna"]
[Black "Skarbarchuk, Tetyana"]
[Result "0-1"]
[BlackElo "2037"]
[WhiteElo "1854"]
[LiveChessVersion "1.4.8"]

1. e4 {[%clk 1:30:58]} e6 {[%clk 1:30:49]} 2. d4 {[%clk 1:31:15]} d5
{[%clk 1:31:16]} 3. e5 {[%clk 1:31:36]} c5 {[%clk 1:31:24]} 4. c3
{[%clk 1:31:57]} Qb6 {[%clk 1:31:10]} 5. Nf3 {[%clk 1:32:17]} Nc6
{[%clk 1:30:51]} 6. Bd3 {[%clk 1:32:38]} cxd4 {[%clk 1:31:04]} 7. O-O
{[%clk 1:32:54]} Bd7 {[%clk 1:31:23]} 8. Re1 {[%clk 1:32:58]} Nge7
{[%clk 1:31:28]} 9. h4 {[%clk 1:33:15]} h6 {[%clk 1:30:48]} 10. h5
{[%clk 1:33:33]} Rc8 {[%clk 1:28:22]} 11. Nbd2 {[%clk 1:33:43]} dxc3
{[%clk 1:25:17]} 12. bxc3 {[%clk 1:34:04]} Na5 {[%clk 1:22:03]} 13. Rb1
{[%clk 1:34:03]} Qc7 {[%clk 1:11:09]} 14. Ba3 {[%clk 1:33:48]} Nec6
{[%clk 1:04:15]} 15. Bxf8 {[%clk 1:31:49]} Kxf8 {[%clk 1:02:56]} 16. g4
{[%clk 1:21:15]} a6 {[%clk 0:48:17]} 17. Qe2 {[%clk 1:17:58]} b5 {[%clk 0:46:41]}
18. g5 {[%clk 1:16:57]} hxg5 {[%clk 0:37:54]} 19. Nxg5 {[%clk 1:17:03]} Nxe5
{[%clk 0:35:36]} 20. Qxe5 {[%clk 1:13:48]} Qxe5 {[%clk 0:35:59]} 21. Rxe5
{[%clk 1:14:10]} Rxc3 {[%clk 0:34:44]} 22. Re3 {[%clk 1:01:59]} Rxh5
{[%clk 0:25:24]} 23. Ngf3 {[%clk 1:00:03]} Rc8 {[%clk 0:16:03]} 24. Ne5
{[%clk 0:57:51]} Be8 {[%clk 0:16:24]} 25. Nef3 {[%clk 0:54:09]} Nc4
{[%clk 0:13:12]} 26. Ree1 {[%clk 0:48:32]} Ke7 {[%clk 0:07:15]} 27. Nb3
{[%clk 0:36:35]} f6 {[%clk 0:05:33]} 28. Nbd4 {[%clk 0:34:02]} e5
{[%clk 0:05:11]} 29. Nf5+ {[%clk 0:28:42]} Kf8 {[%clk 0:05:37]} 30. Bxc4
{[%clk 0:27:30]} Rxc4 {[%clk 0:06:00]} 31. Nd6 {[%clk 0:24:03]} Rg4+
{[%clk 0:06:14]} 32. Kf1 {[%clk 0:24:28]} Bd7 {[%clk 0:06:24]} 33. Rbc1
{[%clk 0:23:10]} Rf4 {[%clk 0:06:12]} 34. Ng1 {[%clk 0:20:47]} Rh2
{[%clk 0:05:54]} 35. Rc2 {[%clk 0:19:24]} Ke7 {[%clk 0:05:53]} 36. Nb7
{[%clk 0:18:42]} b4 {[%clk 0:05:51]} 37. Re3 {[%clk 0:16:40]} Bb5+
{[%clk 0:04:30]} 38. Ke1 {[%clk 0:16:44]} Rg4 {[%clk 0:03:43]} 39. Rc7+
{[%clk 0:15:12]} Ke6 {[%clk 0:03:53]} 40. Nf3 {[%clk 0:14:39]} Rh1+
{[%clk 0:04:07]} 41. Kd2 {[%clk 0:15:06]} d4 {[%clk 0:03:48]} 42. Re1
{[%clk 0:14:08]} Rh3 {[%clk 0:03:11]} 43. Ng1 {[%clk 0:11:08]} Rh2
{[%clk 0:03:30]} 44. Nd8+ {[%clk 0:09:05]} Kd6 {[%clk 0:03:19]} 45. Ra7
{[%clk 0:08:24]} Rxf2+ {[%clk 0:03:32]} 46. Kc1 {[%clk 0:08:26]} Rxa2
{[%clk 0:03:32]} 47. Nf7+ {[%clk 0:08:15]} Kd5 {[%clk 0:03:51]} 48. Kb1
{[%clk 0:07:58]} Rgg2 {[%clk 0:04:13]} 49. Rd1 {[%clk 0:07:36]} Rgb2+
{[%clk 0:03:59]} 50. Kc1 {[%clk 0:07:58]} Rf2 {[%clk 0:04:19]} 51. Kb1
{[%clk 0:07:46]} b3 {[%clk 0:02:55]} 52. Rc7 {[%clk 0:07:06]} a5 {[%clk 0:02:17]}
53. Nh3 {[%clk 0:07:17]} Rfb2+ {[%clk 0:02:43]} 54. Kc1 {[%clk 0:07:40]} Rh2
{[%clk 0:02:59]} 55. Kb1 {[%clk 0:05:25]} Rxh3 {[%clk 0:03:19]} 56. Rcc1
{[%clk 0:05:48]} Rhh2 {[%clk 0:02:52]} 0-1

[Event "EYCC 2024 - G18"]
[Site "?"]
[Date "2024.08.30"]
[Round "8.4"]
[White "Diasamidze, Lulu"]
[Black "Maton, Emily"]
[Result "1/2-1/2"]
[BlackElo "2005"]
[WhiteElo "1905"]
[LiveChessVersion "1.4.8"]

1. e4 {[%clk 1:30:58]} c5 {[%clk 1:30:58]} 2. Nf3 {[%clk 1:31:20]} e6
{[%clk 1:31:25]} 3. d4 {[%clk 1:31:42]} cxd4 {[%clk 1:31:52]} 4. Nxd4
{[%clk 1:32:06]} Nf6 {[%clk 1:32:18]} 5. Nc3 {[%clk 1:32:11]} Nc6
{[%clk 1:32:43]} 6. Nxc6 {[%clk 1:32:35]} bxc6 {[%clk 1:33:10]} 7. e5
{[%clk 1:32:59]} Nd5 {[%clk 1:33:36]} 8. Ne4 {[%clk 1:33:16]} Qc7
{[%clk 1:34:01]} 9. f4 {[%clk 1:33:26]} Qb6 {[%clk 1:34:26]} 10. c4
{[%clk 1:33:49]} Bb4+ {[%clk 1:34:51]} 11. Ke2 {[%clk 1:34:03]} f5
{[%clk 1:35:09]} 12. Nf2 {[%clk 1:32:08]} Ba6 {[%clk 1:35:18]} 13. Kf3
{[%clk 1:32:02]} Ne7 {[%clk 1:34:48]} 14. Be3 {[%clk 1:32:22]} Bc5
{[%clk 1:34:58]} 15. Bxc5 {[%clk 1:32:44]} Qxc5 {[%clk 1:35:22]} 16. Qd6
{[%clk 1:32:48]} Qb6 {[%clk 1:33:37]} 17. b3 {[%clk 1:32:28]} Bb7
{[%clk 1:30:06]} 18. Rd1 {[%clk 1:31:52]} Rd8 {[%clk 1:29:09]} 19. Nd3
{[%clk 1:24:20]} Nc8 {[%clk 1:23:51]} 20. Qc5 {[%clk 1:23:06]} d6
{[%clk 1:21:04]} 21. exd6 {[%clk 1:17:49]} Rxd6 {[%clk 1:17:59]} 22. Qxb6
{[%clk 1:17:53]} axb6 {[%clk 1:18:22]} 23. c5 {[%clk 1:13:04]} Rd4
{[%clk 1:11:00]} 24. Be2 {[%clk 1:10:58]} Ke7 {[%clk 1:08:42]} 25. cxb6
{[%clk 1:10:22]} Nxb6 {[%clk 0:39:30]} 26. Nc5 {[%clk 1:10:29]} Rxd1
{[%clk 0:39:43]} 27. Rxd1 {[%clk 1:10:42]} Bc8 {[%clk 0:38:18]} 28. a4
{[%clk 1:10:17]} Nd7 {[%clk 0:36:20]} 29. Rc1 {[%clk 1:03:27]} e5
{[%clk 0:33:46]} 30. Nxd7 {[%clk 0:44:58]} e4+ {[%clk 0:34:09]} 31. Ke3
{[%clk 0:45:22]} Bxd7 {[%clk 0:32:22]} 32. Rc5 {[%clk 0:45:28]} Rb8
{[%clk 0:31:28]} 33. Bc4 {[%clk 0:43:52]} Kd6 {[%clk 0:30:55]} 34. Ra5
{[%clk 0:42:54]} Be6 {[%clk 0:28:48]} 35. Kd4 {[%clk 0:40:01]} h6
{[%clk 0:23:44]} 36. Bxe6 {[%clk 0:35:01]} Kxe6 {[%clk 0:24:08]} 37. Re5+
{[%clk 0:35:00]} Kd6 {[%clk 0:20:50]} 38. Kc3 {[%clk 0:33:21]} g6
{[%clk 0:20:33]} 39. g4 {[%clk 0:32:09]} fxg4 {[%clk 0:19:13]} 40. Rxe4
{[%clk 0:31:45]} c5 {[%clk 0:19:23]} 41. a5 {[%clk 0:29:01]} Rb4 {[%clk 0:15:44]}
42. Re8 {[%clk 0:26:42]} Rxf4 {[%clk 0:14:12]} 43. a6 {[%clk 0:26:09]} Rf3+
{[%clk 0:13:16]} 44. Kc4 {[%clk 0:25:40]} Rf4+ {[%clk 0:12:49]} 45. Kd3
{[%clk 0:22:05]} Rf3+ {[%clk 0:11:33]} 46. Ke2 {[%clk 0:21:23]} Rf7
{[%clk 0:08:14]} 47. Rg8 {[%clk 0:21:40]} Kd5 {[%clk 0:07:42]} 48. Rxg6
{[%clk 0:21:54]} h5 {[%clk 0:07:35]} 49. Rg5+ {[%clk 0:21:44]} Kd4
{[%clk 0:07:53]} 50. Rxh5 {[%clk 0:21:54]} Rf6 {[%clk 0:05:55]} 51. a7
{[%clk 0:19:38]} Ra6 {[%clk 0:06:21]} 52. Rh7 {[%clk 0:19:09]} Ra2+
{[%clk 0:06:28]} 53. Kf1 {[%clk 0:19:25]} Ke3 {[%clk 0:05:40]} 54. Kg1
{[%clk 0:16:15]} Kf3 {[%clk 0:05:40]} 55. Rf7+ {[%clk 0:16:42]} Ke3
{[%clk 0:06:05]} 56. Kf1 {[%clk 0:13:51]} Kd3 {[%clk 0:06:11]} 57. Rf4
{[%clk 0:12:25]} Rxa7 {[%clk 0:06:31]} 58. Rxg4 {[%clk 0:12:49]} Rb7
{[%clk 0:05:40]} 59. Rc4 {[%clk 0:11:37]} Rxb3 {[%clk 0:05:31]} 60. Rxc5
{[%clk 0:11:50]} Ke4 {[%clk 0:05:29]} 61. Rc2 {[%clk 0:09:53]} Kf4
{[%clk 0:05:41]} 62. Kg2 {[%clk 0:10:04]} Kg4 {[%clk 0:05:56]} 63. Ra2
{[%clk 0:09:45]} Kh4 {[%clk 0:06:17]} 64. h3 {[%clk 0:10:04]} Kh5
{[%clk 0:06:33]} 65. Ra6 {[%clk 0:08:49]} Rb2+ {[%clk 0:06:45]} 66. Kf3
{[%clk 0:09:14]} Rb3+ {[%clk 0:07:03]} 67. Ke4 1/2-1/2

[Event "EYCC 2024 - G18"]
[Site "?"]
[Date "2024.08.30"]
[Round "8.5"]
[White "Zabrzanska, Weronika"]
[Black "Stepanyan, Alvard"]
[Result "1-0"]
[BlackElo "1888"]
[WhiteElo "1999"]
[LiveChessVersion "1.4.8"]

1. e4 {[%clk 1:30:57]} e5 {[%clk 1:30:27]} 2. Bc4 {[%clk 1:31:17]} Nf6
{[%clk 1:30:18]} 3. d3 {[%clk 1:31:19]} Nc6 {[%clk 1:29:13]} 4. Nf3
{[%clk 1:31:03]} Bc5 {[%clk 1:28:51]} 5. c3 {[%clk 1:30:15]} d6 {[%clk 1:28:49]}
6. h3 {[%clk 1:29:36]} a5 {[%clk 1:27:17]} 7. Nbd2 {[%clk 1:28:26]} O-O
{[%clk 1:27:05]} 8. O-O {[%clk 1:28:28]} h6 {[%clk 1:26:39]} 9. Re1
{[%clk 1:28:02]} Re8 {[%clk 1:24:42]} 10. a4 {[%clk 1:26:36]} Ba7
{[%clk 1:15:36]} 11. Qb3 {[%clk 1:16:59]} Be6 {[%clk 1:07:31]} 12. Bxe6
{[%clk 1:11:14]} fxe6 {[%clk 1:03:41]} 13. Qxb7 {[%clk 1:06:43]} Qd7
{[%clk 0:59:39]} 14. Qb3 {[%clk 1:06:51]} Nh5 {[%clk 0:58:02]} 15. Nf1
{[%clk 1:03:24]} Rf8 {[%clk 0:51:41]} 16. Qd1 {[%clk 0:57:33]} Qf7
{[%clk 0:49:31]} 17. Be3 {[%clk 0:52:46]} Nf4 {[%clk 0:45:57]} 18. Bxf4
{[%clk 0:50:31]} Qxf4 {[%clk 0:44:17]} 19. Qd2 {[%clk 0:50:23]} Qf7
{[%clk 0:43:05]} 20. Ne3 {[%clk 0:49:20]} Ne7 {[%clk 0:42:22]} 21. d4
{[%clk 0:48:34]} exd4 {[%clk 0:36:15]} 22. Nxd4 {[%clk 0:47:05]} Ng6
{[%clk 0:33:10]} 23. Rf1 {[%clk 0:43:18]} Nf4 {[%clk 0:32:47]} 24. Kh2
{[%clk 0:37:01]} Qg6 {[%clk 0:20:36]} 25. f3 {[%clk 0:33:48]} Rab8
{[%clk 0:16:15]} 26. Nc4 {[%clk 0:29:27]} Bxd4 {[%clk 0:12:33]} 27. cxd4
{[%clk 0:29:48]} Rb3 {[%clk 0:09:24]} 28. Nxa5 {[%clk 0:21:11]} Rd3
{[%clk 0:09:03]} 29. Qc2 {[%clk 0:15:26]} Qh5 {[%clk 0:07:47]} 30. Nc4
{[%clk 0:13:25]} Rxd4 {[%clk 0:04:49]} 31. Ra3 {[%clk 0:10:42]} Qg5
{[%clk 0:03:31]} 32. g3 {[%clk 0:10:03]} d5 {[%clk 0:02:07]} 33. exd5
{[%clk 0:08:34]} exd5 {[%clk 0:02:23]} 34. Ne3 {[%clk 0:08:39]} Nh5
{[%clk 0:02:19]} 35. Qf2 {[%clk 0:08:00]} Kh8 {[%clk 0:00:47]} 36. a5
{[%clk 0:07:48]} Rb4 {[%clk 0:00:39]} 37. f4 {[%clk 0:07:33]} Qd8
{[%clk 0:00:49]} 38. a6 {[%clk 0:06:22]} d4 {[%clk 0:01:06]} 39. Ng4
{[%clk 0:06:20]} Qd5 {[%clk 0:00:38]} 40. Ne5 {[%clk 0:05:54]} Ra8
{[%clk 0:00:40]} 41. a7 {[%clk 0:03:53]} Qb7 {[%clk 0:00:38]} 42. Nd3
{[%clk 0:04:00]} Rb3 {[%clk 0:00:35]} 43. Nc5 {[%clk 0:03:46]} Rxb2
{[%clk 0:00:32]} 44. Nxb7 {[%clk 0:04:05]} Rxf2+ {[%clk 0:00:45]} 45. Rxf2
{[%clk 0:04:29]} 1-0

[Event "EYCC 2024 - G18"]
[Site "?"]
[Date "2024.08.30"]
[Round "8.6"]
[White "Buchholz, Maja Patricia"]
[Black "Lindstad, Livia"]
[Result "1/2-1/2"]
[BlackElo "1886"]
[WhiteElo "1988"]
[LiveChessVersion "1.4.8"]

1. c4 {[%clk 1:30:59]} e5 {[%clk 1:30:32]} 2. g3 {[%clk 1:31:20]} d6
{[%clk 1:30:15]} 3. Bg2 {[%clk 1:31:30]} f5 {[%clk 1:29:52]} 4. Nc3
{[%clk 1:31:30]} Nf6 {[%clk 1:29:36]} 5. d4 {[%clk 1:26:31]} Be7 {[%clk 1:27:49]}
6. Nf3 {[%clk 1:24:48]} e4 {[%clk 1:26:46]} 7. Ng1 {[%clk 1:16:15]} O-O
{[%clk 1:20:27]} 8. f3 {[%clk 1:15:42]} exf3 {[%clk 1:19:35]} 9. Nxf3
{[%clk 1:15:51]} Qe8 {[%clk 1:16:09]} 10. O-O {[%clk 1:13:28]} h6
{[%clk 1:11:05]} 11. Nh4 {[%clk 1:08:27]} Ng4 {[%clk 1:04:40]} 12. Nf3
{[%clk 0:43:37]} c6 {[%clk 0:58:32]} 13. d5 {[%clk 0:39:26]} Nd7 {[%clk 0:49:09]}
14. dxc6 {[%clk 0:37:13]} bxc6 {[%clk 0:48:12]} 15. Nd4 {[%clk 0:37:04]} Nde5
{[%clk 0:46:43]} 16. Nxc6 {[%clk 0:36:59]} Nxc6 {[%clk 0:30:44]} 17. Qd5+
{[%clk 0:37:20]} Kh7 {[%clk 0:30:59]} 18. Qxc6 {[%clk 0:37:31]} Bd7
{[%clk 0:28:29]} 19. Qxa8 {[%clk 0:34:18]} Qh5 {[%clk 0:28:03]} 20. h3
{[%clk 0:34:32]} Rxa8 {[%clk 0:27:09]} 21. hxg4 {[%clk 0:34:53]} Qxg4
{[%clk 0:27:28]} 22. Bxa8 {[%clk 0:35:11]} Qxg3+ {[%clk 0:27:01]} 23. Bg2
{[%clk 0:35:15]} Bf6 {[%clk 0:25:27]} 24. Bf4 {[%clk 0:32:01]} Bd4+
{[%clk 0:25:20]} 25. e3 {[%clk 0:31:58]} Bxe3+ {[%clk 0:25:22]} 26. Bxe3
{[%clk 0:32:26]} Qxe3+ {[%clk 0:25:43]} 27. Rf2 {[%clk 0:31:15]} Be6
{[%clk 0:22:16]} 28. Nd5 {[%clk 0:30:25]} Bxd5 {[%clk 0:22:16]} 29. Bxd5
{[%clk 0:30:11]} g5 {[%clk 0:22:15]} 30. Kf1 {[%clk 0:26:39]} g4 {[%clk 0:18:41]}
31. Re2 {[%clk 0:16:41]} Qh3+ {[%clk 0:17:15]} 32. Bg2 {[%clk 0:13:23]} Qd3
{[%clk 0:17:36]} 33. Ke1 {[%clk 0:13:09]} Qxc4 {[%clk 0:17:28]} 34. Rd1
{[%clk 0:12:53]} Qb4+ {[%clk 0:17:12]} 35. Rdd2 {[%clk 0:11:58]} Qc5
{[%clk 0:15:08]} 36. Rc2 {[%clk 0:11:21]} Qa5+ {[%clk 0:14:51]} 37. Kd1
{[%clk 0:10:20]} Qxa2 {[%clk 0:14:27]} 38. Red2 {[%clk 0:07:37]} Qa1+
{[%clk 0:13:52]} 39. Ke2 {[%clk 0:07:42]} Qa6+ {[%clk 0:13:57]} 40. Ke3
{[%clk 0:07:40]} Qb6+ {[%clk 0:13:51]} 41. Kf4 {[%clk 0:07:44]} Kg6
{[%clk 0:13:21]} 42. Rc4 {[%clk 0:06:30]} d5 {[%clk 0:12:04]} 43. Bxd5
{[%clk 0:06:08]} Qd6+ {[%clk 0:12:24]} 44. Ke3 {[%clk 0:06:27]} Qe5+
{[%clk 0:12:17]} 45. Kf2 {[%clk 0:06:38]} Kg5 {[%clk 0:10:05]} 46. Bg2
{[%clk 0:05:56]} h5 {[%clk 0:09:34]} 47. Re2 {[%clk 0:04:13]} g3+
{[%clk 0:09:20]} 48. Ke1 {[%clk 0:03:31]} Qa5+ {[%clk 0:09:38]} 49. Kd1
{[%clk 0:03:33]} h4 {[%clk 0:09:06]} 50. Rd2 {[%clk 0:03:36]} Qb6
{[%clk 0:07:19]} 51. Kc2 {[%clk 0:02:30]} Qe6 {[%clk 0:06:59]} 52. Rc6
{[%clk 0:01:36]} Qe5 {[%clk 0:06:50]} 53. Rc4 {[%clk 0:01:45]} Qe6
{[%clk 0:07:01]} 54. Bd5 {[%clk 0:02:01]} Qe5 {[%clk 0:06:59]} 55. Bg2
{[%clk 0:01:55]} Qe3 {[%clk 0:05:05]} 56. b3 {[%clk 0:01:21]} Qe5
{[%clk 0:04:01]} 57. Rd5 {[%clk 0:01:18]} Qe2+ {[%clk 0:03:02]} 58. Rd2
{[%clk 0:01:44]} Qe5 {[%clk 0:02:43]} 59. Rdd4 {[%clk 0:01:26]} Qe2+
{[%clk 0:02:58]} 60. Rd2 {[%clk 0:01:53]} Qe5 {[%clk 0:03:00]} 1/2-1/2

[Event "EYCC 2024 - G18"]
[Site "?"]
[Date "2024.08.30"]
[Round "8.7"]
[White "Kapolkova, Greta"]
[Black "Zito, Enrica"]
[Result "1/2-1/2"]
[BlackElo "2108"]
[WhiteElo "1889"]
[LiveChessVersion "1.4.8"]

1. e4 {[%clk 1:30:58]} c5 {[%clk 1:30:57]} 2. Nf3 {[%clk 1:31:25]} Nc6
{[%clk 1:31:24]} 3. Bb5 {[%clk 1:31:50]} e6 {[%clk 1:31:50]} 4. O-O
{[%clk 1:32:15]} Nge7 {[%clk 1:32:18]} 5. d4 {[%clk 1:32:36]} cxd4
{[%clk 1:32:41]} 6. Nxd4 {[%clk 1:33:02]} a6 {[%clk 1:31:31]} 7. Be2
{[%clk 1:33:25]} Ng6 {[%clk 1:31:56]} 8. Be3 {[%clk 1:33:05]} Be7
{[%clk 1:32:15]} 9. c3 {[%clk 1:33:00]} O-O {[%clk 1:32:35]} 10. Nd2
{[%clk 1:32:23]} Qc7 {[%clk 1:25:05]} 11. f4 {[%clk 1:30:40]} Re8
{[%clk 1:14:00]} 12. Qe1 {[%clk 1:19:07]} Bh4 {[%clk 1:08:23]} 13. g3
{[%clk 1:18:25]} Bf6 {[%clk 1:07:41]} 14. h4 {[%clk 1:17:31]} e5 {[%clk 1:03:08]}
15. fxe5 {[%clk 1:02:27]} Ngxe5 {[%clk 1:02:30]} 16. h5 {[%clk 0:51:28]} d5
{[%clk 0:53:19]} 17. exd5 {[%clk 0:42:07]} Nxd4 {[%clk 0:53:25]} 18. cxd4
{[%clk 0:40:42]} Ng4 {[%clk 0:53:09]} 19. Rc1 {[%clk 0:27:04]} Qd7
{[%clk 0:52:03]} 20. Bxg4 {[%clk 0:24:36]} Qxg4 {[%clk 0:52:24]} 21. Rf4
{[%clk 0:23:07]} Qxh5 {[%clk 0:52:34]} 22. Ne4 {[%clk 0:21:51]} Qxd5
{[%clk 0:37:10]} 23. Nxf6+ {[%clk 0:14:05]} gxf6 {[%clk 0:37:36]} 24. Qf2
{[%clk 0:13:26]} b6 {[%clk 0:35:55]} 25. Rxc8 {[%clk 0:03:42]} Raxc8
{[%clk 0:36:18]} 26. Rg4+ {[%clk 0:04:07]} Kf8 {[%clk 0:36:30]} 27. Qxf6
{[%clk 0:04:24]} Rxe3 {[%clk 0:29:01]} 28. Qh8+ {[%clk 0:04:47]} Ke7
{[%clk 0:29:27]} 29. Qxc8 {[%clk 0:05:08]} Qd7 {[%clk 0:23:14]} 30. Qc1
{[%clk 0:02:10]} Qxg4 {[%clk 0:16:00]} 31. Qxe3+ {[%clk 0:02:34]} Qe6
{[%clk 0:15:56]} 32. Qg5+ {[%clk 0:02:01]} f6 {[%clk 0:15:17]} 33. Qd2
{[%clk 0:01:44]} Qxa2 {[%clk 0:15:01]} 34. Qb4+ {[%clk 0:02:03]} Kd7
{[%clk 0:15:02]} 35. Qxb6 {[%clk 0:02:26]} Qb1+ {[%clk 0:15:20]} 36. Kg2
{[%clk 0:02:19]} Qc2+ {[%clk 0:15:23]} 37. Kg1 {[%clk 0:02:29]} 1/2-1/2